<?xml version="1.0" encoding="UTF-8"?>
<record
    xmlns:xsi="http://www.w3.org/2001/XMLSchema-instance"
    xsi:schemaLocation="http://www.loc.gov/MARC21/slim http://www.loc.gov/standards/marcxml/schema/MARC21slim.xsd"
    xmlns="http://www.loc.gov/MARC21/slim">

  <leader>04221nam a2200385 i 4500</leader>
  <controlfield tag="003">DO-SdBNP</controlfield>
  <controlfield tag="005">20250414101008.0</controlfield>
  <controlfield tag="007">ta</controlfield>
  <controlfield tag="008">250414b2024    dr ||||| |||| 00| 0 spa d</controlfield>
  <datafield tag="020" ind1=" " ind2=" ">
    <subfield code="a">9789945510812</subfield>
  </datafield>
  <datafield tag="040" ind1=" " ind2=" ">
    <subfield code="a">DO-SdBNP</subfield>
    <subfield code="b">spa</subfield>
    <subfield code="c">BNPHU </subfield>
    <subfield code="e">rda</subfield>
  </datafield>
  <datafield tag="041" ind1=" " ind2=" ">
    <subfield code="a">spa</subfield>
  </datafield>
  <datafield tag="082" ind1=" " ind2="4">
    <subfield code="a">0</subfield>
    <subfield code="b">B982e 2024</subfield>
    <subfield code="2">22</subfield>
  </datafield>
  <datafield tag="100" ind1="1" ind2=" ">
    <subfield code="a">Bustamante, Fernanda</subfield>
    <subfield code="e">autor</subfield>
    <subfield code="4">aut.</subfield>
    <subfield code="9">87128</subfield>
  </datafield>
  <datafield tag="245" ind1="1" ind2="0">
    <subfield code="a">Escribir otra isla :</subfield>
    <subfield code="b">la Rep&#xFA;blica Dominicana en su literatura /</subfield>
    <subfield code="c">Fernanda Bustamante, Eva Guerrero y N&#xE9;stor E. Rodr&#xED;guez ; pr&#xF3;logo de Rafael Peralta Romero ; a modo de preludio Jos&#xE9; Rafael Lantigua ; correcci&#xF3;n, Mar&#xED;a del Carmen Vicente, Apolinar Liz Rodr&#xED;guez y Modesto Cuesta.</subfield>
  </datafield>
  <datafield tag="250" ind1=" " ind2=" ">
    <subfield code="a">Segunda edici&#xF3;n </subfield>
  </datafield>
  <datafield tag="264" ind1=" " ind2="4">
    <subfield code="a">Santo Domingo, Rep&#xFA;blica Dominicana :</subfield>
    <subfield code="b">Editora Nacional,</subfield>
    <subfield code="c">&#xA9;2024.</subfield>
  </datafield>
  <datafield tag="300" ind1=" " ind2=" ">
    <subfield code="a">374 p&#xE1;ginas ;</subfield>
    <subfield code="c">23 cm.</subfield>
  </datafield>
  <datafield tag="336" ind1=" " ind2=" ">
    <subfield code="a">texto</subfield>
    <subfield code="b">txt</subfield>
    <subfield code="2">rdacontent</subfield>
  </datafield>
  <datafield tag="337" ind1=" " ind2=" ">
    <subfield code="a">sin mediaci&#xF3;n</subfield>
    <subfield code="b">n</subfield>
    <subfield code="2">rdamedia </subfield>
  </datafield>
  <datafield tag="338" ind1=" " ind2=" ">
    <subfield code="a">volumen</subfield>
    <subfield code="b">nc</subfield>
    <subfield code="2">rdacarrier </subfield>
  </datafield>
  <datafield tag="500" ind1=" " ind2=" ">
    <subfield code="a">Incluye referencias bibliogr&#xE1;ficas y notas al pie de las p&#xE1;ginas</subfield>
  </datafield>
  <datafield tag="500" ind1=" " ind2=" ">
    <subfield code="a">Incluye referencias bibliogr&#xE1;ficas al final de los cap&#xED;tulos</subfield>
  </datafield>
  <datafield tag="505" ind1=" " ind2=" ">
    <subfield code="a">Pr&#xF3;logo /</subfield>
    <subfield code="r">Rafael Peralta Romero, 9 -- </subfield>
    <subfield code="t">A modo de preludio (Primera edici&#xF3;n) / </subfield>
    <subfield code="r">Jos&#xE9; Rafael Lantigua, 15 -- </subfield>
    <subfield code="t">Introducci&#xF3;n (Primera edici&#xF3;n) / </subfield>
    <subfield code="r">Fernanda Bustamante, Eva Guerrero, N&#xE9;stor E. Rodr&#xED;guez, 19 -- </subfield>
    <subfield code="t">Entre siglos e inicios del siglo XX, 25 -- </subfield>
    <subfield code="t">La farmacia y la emancipaci&#xF3;n de genera en la literatura dominicana de entre siglos / </subfield>
    <subfield code="r">Olga Nedvyga, 27 -- </subfield>
    <subfield code="t">Representaciones del intelectual y la ciudad en La sangre (1914), de Tulio M. Cestera / </subfield>
    <subfield code="r">Ram&#xF3;n Antonio Victoriano Mart&#xED;nez, 47 --</subfield>
    <subfield code="t">Abiga&#xED;l Mej&#xED;a: narrar entre Rep&#xFA;blica Dominicana y Espa&#xF1;a. Hojas de un diario viajero (1919) / </subfield>
    <subfield code="r">Eva Guerrero, 63 -- </subfield>
    <subfield code="t">Historia de una escritura: La Ma&#xF1;osa (1936), de Juan Bosch / </subfield>
    <subfield code="r">Guillermo Pi&#xF1;a-Contreras, 81 -- </subfield>
    <subfield code="t">Vigencia de la &#xAB;materia reunida&#xBB; de Camila Henr&#xED;quez Ure&#xF1;a. Algunas reflexiones desde el espacio acad&#xE9;mico estadounidense sobre su legado intelectual y feminista /</subfield>
    <subfield code="r">Sharina Maillo-Pozo, 97 -- </subfield>
    <subfield code="t">Un destino apasionado. Ideario de La Poes&#xED;a Sorprendida / </subfield>
    <subfield code="r">Eva Valc&#xE1;rcel, 117 -- </subfield>
    <subfield code="t">Trementina, cler&#xE9;n y bong&#xF3; (1943), de Julio Gonz&#xE1;lez Herrera / </subfield>
    <subfield code="r">Danilo Manera, 131 -- </subfield>
    <subfield code="t">Del mito a la iron&#xED;a. Catarsis y tragedia en los cuentos de Juan Bosch / </subfield>
    <subfield code="r">Mar&#xED;a Del Roc&#xED;o Oviedo y P&#xE9;rez De Tudela, 147 -- </subfield>
    <subfield code="t">&#xAB;Contracanto a WaIt Whitrnan&#xBB; (1952), de Pedro Mir, y la descolonizaci&#xF3;n de lo humano / Catherine Sawyer, 167 -- Segunda Mitad del siglo XX y nuevo milenio, 185 -- </subfield>
    <subfield code="r">Catherine Sawyer, 167 -- </subfield>
    <subfield code="t">Segunda Mitad del siglo XX y nuevo milenio, 185 -- </subfield>
    <subfield code="t">&#xAB;Ficciones oscuras&#xBB;: control autoral y violencia sexual en Escalera para Electra (1970), de A&#xED;da Cartagena Portalat&#xED;n /  </subfield>
    <subfield code="r">Sandra Alvarado Bordas, 187 -- </subfield>
    <subfield code="t">Heterotop&#xED;a y representaci&#xF3;n de subjetividades afrodescendientes en la poes&#xED;a de Juan S&#xE1;nchez Lamouth / </subfield>
    <subfield code="r">Alain B. Atouba Edjeba, 207 -- </subfield>
    <subfield code="t">Burladores burlados. Astucia y sororidad en dos cuentos de &#xC1;ngela Hern&#xE1;ndez / </subfield>
    <subfield code="r">Violeta Lorenzo Feliciano, 269 -- </subfield>
    <subfield code="t">Mar y pensamiento en la obra de Jos&#xE9; M&#xE1;rmol / </subfield>
    <subfield code="r">Jochy Herrera, 287 --</subfield>
    <subfield code="t">&#xAB;Aqu&#xED; en el Ni e' se reescribe la novela&#xBB;. Celebraci&#xF3;n de la comunidad y la escritura diasp&#xF3;rica en voces de mujeres con conciencia mestiza, en Levente no. Yolayorkdominicanyork (2010), de Josefina B&#xE1;ez /</subfield>
    <subfield code="r">Fernanda Bustamante Escalona, 311 -- </subfield>
    <subfield code="t">Escribir la antillan&#xED;a bella, terrible, tr&#xE1;gica: El hombre triangulo (2005) y las performances literarias de Rey And&#xFA;jar / </subfield>
    <subfield code="r">Catherine P&#xE9;lage, 333 -- </subfield>
    <subfield code="t">&#xAB;El rastro de su fragancia como una firma asfixiante en el aire&#xBB;. Una exploraci&#xF3;n de los sentidos en &#xAB;Los trajes 1975&#xBB; (2017), de Rita Indiana / </subfield>
    <subfield code="r">Rita De Maeseneer Marie Schoups, 351 -- </subfield>
    <subfield code="t">De los autores, 369.</subfield>
  </datafield>
  <datafield tag="590" ind1=" " ind2=" ">
    <subfield code="a">Inventariado, 2025 /LP</subfield>
  </datafield>
  <datafield tag="700" ind1="1" ind2=" ">
    <subfield code="a">Guerrero, Eva</subfield>
    <subfield code="e">autor</subfield>
    <subfield code="4">aut.</subfield>
    <subfield code="9">87439</subfield>
  </datafield>
  <datafield tag="700" ind1="1" ind2=" ">
    <subfield code="a">Rodr&#xED;guez, N&#xE9;stor E.</subfield>
    <subfield code="e">autor</subfield>
    <subfield code="4">aut.</subfield>
    <subfield code="9">87440</subfield>
  </datafield>
  <datafield tag="700" ind1="1" ind2=" ">
    <subfield code="a">Peralta Romero, Rafael,</subfield>
    <subfield code="e">prologuista</subfield>
    <subfield code="4">pr.</subfield>
    <subfield code="9">87405</subfield>
  </datafield>
  <datafield tag="700" ind1="1" ind2=" ">
    <subfield code="a">Lantigua, Jos&#xE9; Rafael, </subfield>
    <subfield code="e">preludio</subfield>
    <subfield code="4">pr.</subfield>
    <subfield code="9">85376</subfield>
  </datafield>
  <datafield tag="700" ind1="1" ind2=" ">
    <subfield code="a">Vicente, Mar&#xED;a del Carmen</subfield>
    <subfield code="e">correcci&#xF3;n </subfield>
    <subfield code="4">corr.</subfield>
    <subfield code="9">57201</subfield>
  </datafield>
  <datafield tag="700" ind1="1" ind2=" ">
    <subfield code="a">Liz Rodr&#xED;guez, Apolinar</subfield>
    <subfield code="e">correcci&#xF3;n </subfield>
    <subfield code="4">corr.</subfield>
    <subfield code="9">84877</subfield>
  </datafield>
  <datafield tag="700" ind1="1" ind2=" ">
    <subfield code="a">Cuesta, Modesto</subfield>
    <subfield code="9">3209</subfield>
  </datafield>
  <datafield tag="910" ind1=" " ind2=" ">
    <subfield code="a">LP</subfield>
  </datafield>
  <datafield tag="942" ind1=" " ind2=" ">
    <subfield code="2">ddc</subfield>
    <subfield code="c">LBS1</subfield>
  </datafield>
  <datafield tag="952" ind1=" " ind2=" ">
    <subfield code="0">0</subfield>
    <subfield code="1">0</subfield>
    <subfield code="2">ddc</subfield>
    <subfield code="5">1</subfield>
    <subfield code="7">0</subfield>
    <subfield code="8">PD</subfield>
    <subfield code="a">BNPHU</subfield>
    <subfield code="b">BNPHU</subfield>
    <subfield code="c">CT</subfield>
    <subfield code="d">2024-11-15</subfield>
    <subfield code="e">Dep&#xF3;sito Legal</subfield>
    <subfield code="l">0</subfield>
    <subfield code="o">0 B982e 2024</subfield>
    <subfield code="p">2025-1483</subfield>
    <subfield code="r">2025-03-05</subfield>
    <subfield code="w">2025-03-05</subfield>
    <subfield code="y">LBS1</subfield>
  </datafield>
  <datafield tag="952" ind1=" " ind2=" ">
    <subfield code="0">0</subfield>
    <subfield code="1">0</subfield>
    <subfield code="2">ddc</subfield>
    <subfield code="5">1</subfield>
    <subfield code="7">0</subfield>
    <subfield code="8">PD</subfield>
    <subfield code="a">BNPHU</subfield>
    <subfield code="b">BNPHU</subfield>
    <subfield code="c">CT</subfield>
    <subfield code="d">2024-11-15</subfield>
    <subfield code="e">Dep&#xF3;sito Legal</subfield>
    <subfield code="l">0</subfield>
    <subfield code="o">0 B982e 2024</subfield>
    <subfield code="p">2025-1484</subfield>
    <subfield code="r">2025-03-05</subfield>
    <subfield code="t">e.2</subfield>
    <subfield code="w">2025-03-05</subfield>
    <subfield code="y">LBS1</subfield>
  </datafield>
  <datafield tag="952" ind1=" " ind2=" ">
    <subfield code="0">0</subfield>
    <subfield code="1">0</subfield>
    <subfield code="2">ddc</subfield>
    <subfield code="5">6</subfield>
    <subfield code="7">0</subfield>
    <subfield code="8">DS</subfield>
    <subfield code="a">BNPHU</subfield>
    <subfield code="b">BNPHU</subfield>
    <subfield code="c">CT</subfield>
    <subfield code="d">2024-11-15</subfield>
    <subfield code="e">Dep&#xF3;sito Legal</subfield>
    <subfield code="l">0</subfield>
    <subfield code="o">0 B982e 2024</subfield>
    <subfield code="p">2025-1486</subfield>
    <subfield code="r">2025-03-05</subfield>
    <subfield code="t">e.3</subfield>
    <subfield code="w">2025-03-05</subfield>
    <subfield code="y">LBS1</subfield>
  </datafield>
  <datafield tag="999" ind1=" " ind2=" ">
    <subfield code="c">58329</subfield>
    <subfield code="d">58329</subfield>
  </datafield>
</record>
